[Event "Stay Safe Play From Home 265"]
[Site "Emanuel Lasker Arena"]
[Date "2020.06.30"]
[Round "8"]
[White "Buzaglo"]
[Black "EL sanbary"]
[Result "1-0"]
[WhiteElo "1800"]
[BlackElo "1927"]
[Annotator "TA"]
[PlyCount "85"]
[EventDate "2020.06.30"]
[EventType "swiss (blitz)"]

{[%evp 11,85,-18,12,1,8,0,22,13,0,0,0,-99,-97,-95,-66,-74,0,0,25,17,75,31,37,20,112,2,3,-12,0,-10,-10,-28,11,7,66,64,48,0,4,-4,0,-18,62,10,560,0,14,14,540,0,0,0,112,95,502,58,410,387,332,76,79,0,86,93,81,12,76,37,83,41,29989,43,171,177,177,172]} 1. d4 d5 2. Nf3 Nf6 3. g3 e6 4. Bg2 Be7 5. O-O O-O 6. Nbd2 b6 7. c4 {D02: 1 d4 d5 2 Nf3 sidelines, including 2...Nf6 3 g3 and 2...Nf6 3 Bf4.} Bb7 8. cxd5 Nxd5 9. Re1 {The position is equal.} Nd7 10. e4 N5f6 {[#]} 11. d5 $146 (11. e5 $11 Nd5 12. Nc4) ({Predecessor:} 11. e5 Nd5 12. Ne4 a5 13. Nc3 c5 14. Nxd5 Bxd5 15. Be3 Rc8 16. a3 Qc7 17. Rc1 {0-1 (35) Unger,M (1514)-Juergens,P (1938) Radebeul 2016}) 11... exd5 $17 12. exd5 Bxd5 13. b3 Bxf3 (13... Bc5 $17 {White must now prevent ...Ng4.} 14. Bb2 Ng4) 14. Nxf3 Rc8 15. Bb2 c5 (15... Bb4 $11) 16. Rc1 {[%mdl 1024] White has strong compensation.} Re8 17. Qc2 Bf8 (17... b5 $11) 18. Ng5 (18. Bh3 $16) 18... h6 $11 19. Nf3 (19. Ne4 {keeps more tension.} b5 20. a4 bxa4 21. bxa4 c4 22. Rcd1) 19... Rxe1+ 20. Rxe1 Qc7 21. Ne5 {With the idea Nxf7!} Nxe5 (21... Re8 $5 {[%cal Rd7e5]} 22. Qc3 Nxe5 23. Rxe5 Rd8 $11) 22. Bxe5 Qd7 (22... Qe7 $11) 23. Bxf6 $1 $14 gxf6 24. Qe2 (24. Rd1 $5 {[%cal Rd1d7]} Qe8 25. Bf1 $14) 24... Rd8 25. Bf3 Qd2 26. Qe4 Kg7 (26... f5 $11 27. Qb1 Qd3 28. Qxd3 Rxd3) 27. Qg4+ (27. Rd1 $14 Qxd1+ 28. Bxd1 Rxd1+ 29. Kg2) 27... Kh8 $2 {[%mdl 8192]} (27... Qg5 $1 $11) 28. Rf1 $2 ({White must play} 28. Rd1 $18 Qxd1+ 29. Bxd1) 28... Qxa2 29. Qc4 Kg7 $2 {[%mdl 8192]} (29... Rd7 $11) 30. Qg4+ $2 (30. Bh5 $18 Kh8 31. Qxf7) 30... Kh8 $11 31. Qc4 Qb2 (31... Kg7 $11) 32. Qxf7 $16 Qd4 $2 {[%mdl 8192] [#]} (32... Qe5 $16 {is more resistant.}) 33. Qg6 $2 $40 {[%mdl 128] White has some attack.} (33. Rd1 $1 $18 {[%mdl 512]} Qxd1+ 34. Bxd1 Rxd1+ 35. Kg2) 33... Bg7 $2 {[%mdl 8192]} (33... Qe5 $14) 34. Be4 $18 {[%csl Ge4][%cal Rg6h7]} Kg8 35. Qh7+ $2 (35. Re1 $18 {and the rest is easy.} Qe5 36. Re3 (36. f4 Qe6 $11)) 35... Kf8 $16 36. Qg6 (36. Bf5 $16 {Strongly threatening Be6.} Qe5 37. Bd3) 36... c4 (36... Kg8 $1 $11 {remains equal.}) 37. bxc4 Qxc4 38. Qf5 (38. Re1 $16) 38... b5 (38... a5 $11) 39. Bb7 b4 {[#]} 40. Qa5 $1 {[%mdl 512]} b3 $2 {[%mdl 8192]} (40... Qd4 $14) 41. Qxa7 $2 (41. Qxd8+ {mates} Kf7 42. Bd5+ Qxd5 43. Qxd5+ Kg6 44. Qxb3 a5 {[#]} 45. Qg8 $1 {[%mdl 512]} h5 46. Re1) 41... b2 (41... Qb5 $14) 42. Qa3+ $18 {[%mdl 64] Double Attack} Kg8 {And now ...Qxf1+! would win.} 43. Qxb2 {Accuracy: White = 42%, Black = 28%.} 1-0

[Event "Stay Safe Play From Home 265"]
[Site "Emanuel Lasker Arena"]
[Date "2020.06.30"]
[Round "8"]
[White "Trotsky"]
[Black "Justwatch"]
[Result "0-1"]
[WhiteElo "1593"]
[BlackElo "1646"]
[Annotator "NA RC"]
[PlyCount "90"]
[EventDate "2020.06.30"]
[EventType "swiss (blitz)"]

1. d4 {[%emt 0:00:01]} Nf6 {[%emt 0:00:01]} 2. e3 {[%emt 0:00:00]} g6 {[%emt 0:00:00]} 3. c4 {[%emt 0:00:01]} Bg7 {[%emt 0:00:00]} 4. Nc3 {[%emt 0:00:01]} O-O {[%emt 0:00:00]} 5. Bd3 {[%emt 0:00:01]} d6 {[%emt 0:00:00]} 6. Qc2 {[%emt 0:00:01]} Nc6 {[%emt 0:00:00]} 7. Nf3 {[%emt 0:00:01]} a6 {[%emt 0:00:00]} 8. a3 {[%emt 0:00:01]} Bg4 {[%emt 0:00:00]} 9. Ng5 {[%emt 0:00:01]} h6 {[%emt 0:00:01]} 10. h4 {[%emt 0:00:01]} hxg5 {[%emt 0:00:01]} 11. hxg5 {[%emt 0:00:01]} Bh5 {[%emt 0:00:01]} 12. f3 {[%emt 0:00:01]} Bxf3 {[%emt 0:00:03]} 13. gxf3 {[%emt 0:00:01]} e5 {[%emt 0:00:01]} 14. gxf6 {[%emt 0:00:01]} Qxf6 {[%emt 0:00:01]} 15. Bd2 {[%emt 0:00:01]} exd4 {[%emt 0:00:01]} 16. Ne4 {[%emt 0:00:01]} Qe5 {[%emt 0:00:02]} 17. O-O-O {[%emt 0:00:02]} dxe3 {[%emt 0:00:01]} 18. Bxe3 {[%emt 0:00:01]} Nd4 {[%emt 0:00:00]} 19. Bxd4 {[%emt 0:00:02]} Qxd4 {[%emt 0:00:00]} 20. Ng5 {[%emt 0:00:02]} Qe3+ {[%emt 0:00:01]} 21. Qd2 {[%emt 0:00:03]} Qxd2+ {[%emt 0:00:01]} 22. Rxd2 {[%emt 0:00:01]} Bf6 {[%emt 0:00:01]} 23. Nh7 {[%emt 0:00:01]} Bg7 {[%emt 0:00:02]} 24. Rdh2 {[%emt 0:00:01]} f5 {[%emt 0:00:01]} 25. c5 {[%emt 0:00:03]} dxc5 {[%emt 0:00:01]} 26. Bc4+ {[%emt 0:00:01]} Rf7 {[%emt 0:00:00]} 27. Ng5 {[%emt 0:00:01]} Kf8 {[%emt 0:00:02]} 28. Bxf7 {[%emt 0:00:01]} Ke7 {[%emt 0:00:01]} 29. Bxg6 {[%emt 0:00:01]} Kf6 {[%emt 0:00:01]} 30. Nh7+ {[%emt 0:00:01]} Kxg6 {[%emt 0:00:01]} 31. Rg1+ {[%emt 0:00:02]} Kf7 {[%emt 0:00:01]} 32. Ng5+ {[%emt 0:00:01]} Kf6 {[%emt 0:00:01]} 33. Rh7 {[%emt 0:00:01]} Bf8 {[%emt 0:00:01]} 34. f4 {[%emt 0:00:02]} Bd6 {[%emt 0:00:01]} 35. Nf3 {[%emt 0:00:01]} Bxf4+ {[%emt 0:00:01]} 36. Kb1 {[%emt 0:00:04]} Re8 {[%emt 0:00:00]} 37. Rgg7 {[%emt 0:00:01]} Bd6 {[%emt 0:00:03]} 38. Rf7+ {[%emt 0:00:01]} Ke6 {[%emt 0:00:00]} 39. Ng5+ {[%emt 0:00:01]} Kd5 {[%emt 0:00:01]} 40. Rf6 {[%emt 0:00:04]} Kc6 {[%emt 0:00:01]} 41. Rhh6 {[%emt 0:00:01]} Re1+ {[%emt 0:00:01]} 42. Ka2 {[%emt 0:00:01]} Rg1 {[%emt 0:00:00]} 43. Nf3 {[%emt 0:00:01]} Rf1 {[%emt 0:00:01]} 44. Nd2 {[%emt 0:00:01]} Ra1+ {[%emt 0:00:00]} 45. Kxa1 {[%emt 0:00:01] .} Kb5 {[%emt 0:00:01] Âðåìÿ (Lag: Av=0.44s, max=0.9s) '} 0-1

[Event "Stay Safe Play From Home 265"]
[Site "Emanuel Lasker Arena"]
[Date "2020.06.30"]
[Round "9"]
[White "Uber_WING"]
[Black "SoulofWolf"]
[Result "1-0"]
[WhiteElo "2395"]
[BlackElo "2211"]
[Annotator "TA"]
[PlyCount "163"]
[EventDate "2020.06.30"]
[EventType "swiss (blitz)"]

{[%evp 9,162,36,37,29,27,20,23,28,22,9,60,0,0,0,0,0,-4,-11,0,-7,-12,-5,0,-40,0,-105,43,45,93,83,107,-91,116,115,179,179,244,166,276,270,250,213,250,249,373,391,520,480,460,476,695,284,635,567,840,556,615,588,597,436,433,413,583,566,777,752,814,767,759,525,817,819,1202,1194,1108,632,1520,1485,1554,1165,1160,1125,1289,1270,5883,5010,29971,29965,29978,29979,29986,29987,29985,709,29985,482,29987,29988,29989,29985,29988,29989,29992,29990,29992,29989,29989,29989,29992,29992,29992,29990,29992,29990,29990,29991,29991,29991,29992,29991,29991,29989,29989,29989,29989,29989,29989,29990,29990,29990,29990,29990,29991,29991,29992,29992,29992,29992,29993,29993,29995,29995,29996,29996,29996,29996,29996,29997,29998,29998,29998,29998,29998,29999,29999]} 1. e4 d5 2. Nf3 c5 3. exd5 Nf6 4. Bc4 Nbd7 5. c3 Nb6 {[#]} 6. Bb5+ $146 {B27: Sicilian: 2 Nf3, unusual Black 2nd moves.} ({Predecessor:} 6. d3 Nfxd5 7. O-O Bf5 8. Bb5+ Bd7 9. a4 f6 10. Na3 Bxb5 11. axb5 Qd7 12. Qe2 {1-0 (25) Murgia,A (2017)-De Paoli,E (1851) Condino 2012}) 6... Bd7 7. Bxd7+ Qxd7 8. O-O {White has an edge.} Nbxd5 9. Re1 g6 ({Black should try} 9... e6 $11) 10. a4 ({Better is} 10. Ne5 $14 Qc8 11. Qa4+ Nd7 12. d4) 10... Bg7 $11 11. Na3 O-O 12. Ne5 Qc7 13. Nb5 Qb8 14. Qf3 a6 15. Na3 e6 16. c4 Nb4 {[#]} 17. d3 (17. d4 $1 $11 {[%mdl 512]}) 17... Nh5 (17... Qd6 $17 {Strongly threatening ...Nd7.} 18. Bf4 Qd4) 18. Nd7 $1 $36 {[%csl LRb8,LRc5,LRf8][%mdl 2112] Double Attack. White is more active.} Qd8 19. Nxf8 Qxf8 20. Bd2 $2 (20. Qxb7 $16 {keeps the pressure on.} Nxd3 21. Rd1) 20... Nc6 $2 (20... Bxb2 $17 {stays on course.} 21. g4 Ng7 22. Bxb4 cxb4) 21. Bc3 $16 {Black is now going downhill.} Bd4 (21... e5 $16 22. g3 Rd8) 22. Nc2 $18 Rd8 (22... e5 $142 23. Nxd4 cxd4) 23. Rad1 Ng7 (23... a5 $142 24. Nxd4 cxd4) 24. Bxd4 cxd4 25. Rb1 Qd6 26. b4 {[%cal Bb2b4,Bb4b5][%mdl 32]} e5 (26... Qc7 $142 27. Qe4 Nf5) 27. b5 Ne7 28. bxa6 bxa6 29. Qb7 f6 (29... Ne6 $142 30. Rb6 {[%mdl 64] Double Attack} Qc5 31. Qxa6 Qc7 32. Rxe6 fxe6 33. Qxe6+ {[%mdl 64] Double Attack} Kg7 34. Rxe5 Nf5) 30. Qb6 (30. Rb6 $142 Qc5 31. Rxf6) 30... Qd7 $2 (30... Ne6 31. Qxd6 Rxd6) 31. Qxa6 Qe8 32. Qb5 Ngf5 33. Qxe8+ Rxe8 34. Nb4 Ra8 35. Ra1 Nd6 (35... Ra5 {was necessary.} 36. g4 Nh6) 36. a5 {[%cal Ba4a5,Ba5a6][%mdl 32]} Nb7 37. a6 Nc5 38. Reb1 Nc8 39. Nc6 Kf7 40. a7 Ke6 41. Rb8 Rxa7 42. Rxa7 Nd6 43. Nb4 Nd7 44. Rxd7 Kxd7 45. Rb6 Nf5 46. Nd5 h5 47. Ra6 Nh6 48. Nxf6+ Kc7 49. Ne4 Kb7 50. Rxg6 Nf5 51. Rg7+ (51. Nd6+ $142 Nxd6 52. Rxd6 Kc7 53. Re6 Kd8 54. Rxe5 h4 55. Rd5+ Ke7 56. c5) 51... Kb6 52. Nd6 (52. Rf7 $142 Ne3 53. fxe3 dxe3 54. Rh7 h4 55. Rxh4 Ka6 56. Rh5 Ka5 57. Rxe5+ Kb6 58. h4) 52... Ka5 (52... Nxg7 $18 53. Kf1 Ne6) 53. Nxf5 {White mates.} e4 54. Re7 e3 {[#]} 55. Nxe3 $1 Kb4 (55... dxe3 56. f4) 56. Nf5 Kc3 {[#]} 57. Nxd4 $1 Kxd4 {[%mdl 4096] Endgame KR-KP} 58. Rh7 Kc3 59. Rxh5 {KR-K} Kd4 60. Rh8 Kc3 61. Re8 Kb4 62. f4 Kc5 {[#]} 63. d4+ $1 Kc6 (63... Kxd4 64. f5) 64. c5 Kd7 {[#]} 65. d5 $3 Kxe8 {KP-KP} 66. Kf2 Kf8 67. Kf3 Ke8 68. h4 Kd8 69. g4 Ke8 70. f5 Kf8 71. Kf4 Kg8 72. g5 Kf7 73. h5 Kf8 74. d6 Kg8 75. Ke5 Kh7 76. c6 Kg7 77. Ke6 Kf8 78. f6 Ke8 79. g6 Kf8 80. h6 Kg8 81. c7 {[%cal Rc7c8]} Kh8 82. c8=Q# {Accuracy: White = 58%, Black = 19%.} 1-0

[Event "Stay Safe Play From Home 265"]
[Site "Emanuel Lasker Arena"]
[Date "2020.06.30"]
[Round "9"]
[White "Mepe_Nika"]
[Black "Jhhonnyy"]
[Result "1-0"]
[WhiteElo "2356"]
[BlackElo "2304"]
[Annotator "TA"]
[PlyCount "41"]
[EventDate "2020.06.30"]
[EventType "swiss (blitz)"]

{[%evp 9,40,20,23,16,29,14,59,47,43,53,58,50,70,0,72,37,63,61,69,65,59,57,112,66,47,33,60,42,64,47,211,88,29999]} 1. d4 Nf6 2. Bf4 g6 3. Nc3 c5 4. d5 Bg7 5. e4 d6 6. Qd2 {A45: Trompowsky Attack.} Qa5 7. f3 {[#]} Na6 $146 ({Predecessor:} 7... a6 8. h4 h5 9. Nh3 Nbd7 10. Be2 Ne5 11. Nd1 Qxd2+ 12. Bxd2 Bxh3 13. Rxh3 O-O-O {½-½ (25) Chitlange,S (2089)-Bhakti,K (2290) Bhubaneswar 2018}) 8. Bh6 {White is slightly better.} Bxh6 9. Qxh6 Nb4 10. Qd2 Bd7 11. Nh3 (11. g4 $14) 11... b5 (11... Bxh3 $11 {keeps the balance.} 12. gxh3 O-O) 12. Nf4 Rc8 13. Be2 c4 14. O-O Qb6+ 15. Kh1 h5 ({Black should try} 15... Na6 $14) 16. a3 Na6 17. Rfe1 h4 18. Bf1 $36 {[%mdl 2048] Black is under pressure.} g5 19. Nfe2 Nh5 $2 (19... g4 $14) 20. Qd4 (20. Qxg5 $18 {is the precise move to win.} b4 21. Nd1) 20... Qc7 $2 {[%mdl 8192] [#]} (20... O-O $16) 21. Qxh8# {Accuracy: White = 62%, Black = 35%.} 1-0

[Event "Stay Safe Play From Home 265"]
[Site "Emanuel Lasker Arena"]
[Date "2020.06.30"]
[Round "9"]
[White "Toosieslide"]
[Black "The Next Contender"]
[Result "1-0"]
[WhiteElo "2278"]
[BlackElo "1900"]
[Annotator "TA"]
[PlyCount "91"]
[EventDate "2020.06.30"]
[EventType "swiss (blitz)"]

{[%evp 9,91,-18,19,-462,-383,-571,-492,-483,-458,-559,-486,-594,-495,-491,-477,-573,-589,-720,-739,-729,-714,-732,-712,-1016,-999,-999,-890,-1498,-1542,-1494,-918,-900,-899,-766,-269,-276,-272,-566,-402,-433,-443,-437,-426,-533,-519,-905,-892,-890,-886,-870,-877,-1002,-977,-989,-970,-1067,-937,-939,-938,-994,-982,-1214,-1182,-1318,-1261,-1559,-1283,-1589,-1572,-1526,-1594,-1387,-1364,-1804,-1763,-1643,-1595,-1571,-1496,-5206,-5193,-29988,-29989,-29990]} 1. h4 d5 2. g3 c5 3. Bg2 {[#]} e6 $146 ({Predecessor:} 3... Nf6 4. b3 Nc6 5. Bb2 e5 6. c4 Be6 7. d3 Be7 8. Nd2 Qc7 9. Ngf3 a6 10. cxd5 Nxd5 {1-0 (35) Brudzinski,M (2092)-Statucki,M (1568) Rewal 2008}) 4. Nc3 g6 5. d4 Bg7 6. Bh6 $2 {[%mdl 8192] A00: Irregular Openings.} (6. dxc5 $11 {and White stays safe.} Ne7 7. Nf3) 6... Bxh6 7. f3 (7. e4 {keeps fighting.}) 7... Bg7 8. dxc5 {Black is clearly winning.} Nf6 9. Nh3 O-O 10. Nf2 h5 11. O-O Qc7 12. e4 Qxg3 13. exd5 Nxd5 14. Nxd5 exd5 15. Qxd5 {[#]} Be5 $1 {[%csl Ge5][%cal Rg3h2]} 16. Ne4 Qh2+ 17. Kf2 Be6 18. Qd2 Qxh4+ 19. Ke2 Re8 20. Rh1 Bc4+ 21. Kd1 Qf4 $2 (21... Qe7 22. Kc1 Nc6) 22. Qxf4 $19 Bxf4 23. b3 $2 (23. Nf6+ {is the only way for White.} Kf8 24. Nxe8 Kxe8 25. Re1+ Be6 26. Bh3) 23... Be6 24. Nf6+ Kf8 25. Nxe8 Kxe8 26. Re1 Nc6 27. Bh3 (27. Re4 $142 Rd8+ 28. Ke1 Bg3+ 29. Ke2) 27... Rd8+ 28. Ke2 Bxh3 {[%csl Gf4][%cal Rd8d2] [#]} 29. Kf2+ Kf8 30. Re4 Bh6 31. Rae1 Be6 32. R1e2 Rd2 33. Rxd2 Bxd2 34. Ke2 Bb4 35. c4 Bxc5 36. Kd1 Nd4 37. f4 Ke7 38. b4 Bxb4 39. Rxd4 Bc5 40. Re4 Kf6 41. Kd2 Kf5 42. Re5+ Kxf4 43. Rxc5 h4 44. Rc7 h3 45. Rc5 h2 46. Rd5 {[%mdl 32768] White did not feel at home in the position after the opening. Accuracy: White = 22%, Black = 70%. . Loss on time!?} 1-0

[Event "Stay Safe Play From Home 265"]
[Site "Emanuel Lasker Arena"]
[Date "2020.06.30"]
[Round "9"]
[White "BrainThinker22"]
[Black "Buzaglo"]
[Result "1-0"]
[WhiteElo "2274"]
[BlackElo "1823"]
[Annotator "NA"]
[PlyCount "113"]
[EventDate "2020.06.30"]
[EventType "swiss (blitz)"]

1. e4 {[%emt 0:00:01]} e6 {[%emt 0:00:00]} 2. d3 {[%emt 0:00:02]} d5 {[%emt 0:00:00]} 3. Nc3 {[%emt 0:00:00]} c5 {[%emt 0:00:00]} 4. e5 {[%emt 0:00:00]} d4 {[%emt 0:00:00]} 5. Ne4 {[%emt 0:00:01]} Nc6 {[%emt 0:00:00]} 6. f4 {[%emt 0:00:01]} f6 {[%emt 0:00:01]} 7. exf6 {[%emt 0:00:00]} Nxf6 {[%emt 0:00:01]} 8. Nxf6+ {[%emt 0:00:01]} Qxf6 {[%emt 0:00:00]} 9. Nf3 {[%emt 0:00:00]} e5 {[%emt 0:00:03]} 10. fxe5 {[%emt 0:00:01]} Nxe5 {[%emt 0:00:01]} 11. Nxe5 {[%emt 0:00:00]} Qxe5+ {[%emt 0:00:00]} 12. Qe2 {[%emt 0:00:00]} Qxe2+ {[%emt 0:00:01]} 13. Bxe2 {[%emt 0:00:00]} Be6 {[%emt 0:00:01]} 14. O-O {[%emt 0:00:00]} Bd6 {[%emt 0:00:01]} 15. Bf4 {[%emt 0:00:01]} Bxf4 {[%emt 0:00:01]} 16. Rxf4 {[%emt 0:00:00]} O-O-O {[%emt 0:00:01]} 17. Raf1 {[%emt 0:00:01]} g6 {[%emt 0:00:02]} 18. b3 {[%emt 0:00:01]} a5 {[%emt 0:00:01]} 19. Rf6 {[%emt 0:00:01]} Rde8 {[%emt 0:00:03]} 20. Rxe6 {[%emt 0:00:01]} Rxe6 {[%emt 0:00:01]} 21. Bg4 {[%emt 0:00:00]} Kd7 {[%emt 0:00:00]} 22. Rf7+ {[%emt 0:00:04]} Kd6 {[%emt 0:00:01]} 23. Bxe6 {[%emt 0:00:00]} Kxe6 {[%emt 0:00:01]} 24. Rxb7 {[%emt 0:00:00]} Rf8 {[%emt 0:00:02]} 25. Rb5 {[%emt 0:00:01]} Kd5 {[%emt 0:00:01]} 26. Rxa5 {[%emt 0:00:01]} Re8 {[%emt 0:00:00]} 27. Kf2 {[%emt 0:00:01]} Rf8+ {[%emt 0:00:02]} 28. Ke1 {[%emt 0:00:01]} Re8+ {[%emt 0:00:01]} 29. Kd1 {[%emt 0:00:02]} Rf8 {[%emt 0:00:00]} 30. Ra7 {[%emt 0:00:02]} Rf2 {[%emt 0:00:01]} 31. Rxh7 {[%emt 0:00:01]} Rxg2 {[%emt 0:00:01]} 32. a4 {[%emt 0:00:00]} Rg1+ {[%emt 0:00:01]} 33. Kd2 {[%emt 0:00:01]} Rg2+ {[%emt 0:00:00]} 34. Kc1 {[%emt 0:00:01]} Rg1+ {[%emt 0:00:00]} 35. Kb2 {[%emt 0:00:00]} c4 {[%emt 0:00:02]} 36. dxc4+ {[%emt 0:00:01]} Kc5 {[%emt 0:00:00]} 37. Rc7+ {[%emt 0:00:01]} Kd6 {[%emt 0:00:01]} 38. Rg7 {[%emt 0:00:01]} Rg2 {[%emt 0:00:02]} 39. Kb1 {[%emt 0:00:01]} Rg1+ {[%emt 0:00:02]} 40. Kb2 {[%emt 0:00:01]} Rg2 {[%emt 0:00:00]} 41. Rg8 {[%emt 0:00:02]} d3 {[%emt 0:00:01]} 42. Rd8+ {[%emt 0:00:01]} Ke5 {[%emt 0:00:01]} 43. Rxd3 {[%emt 0:00:00]} Rxh2 {[%emt 0:00:01]} 44. Rg3 {[%emt 0:00:00]} Kf5 {[%emt 0:00:01]} 45. a5 {[%emt 0:00:01]} g5 {[%emt 0:00:01]} 46. a6 {[%emt 0:00:01]} g4 {[%emt 0:00:00]} 47. a7 {[%emt 0:00:01]} Rh8 {[%emt 0:00:01]} 48. b4 {[%emt 0:00:01]} Ra8 {[%emt 0:00:01]} 49. Ra3 {[%emt 0:00:00]} Kf4 {[%emt 0:00:02]} 50. b5 {[%emt 0:00:00]} g3 {[%emt 0:00:00]} 51. b6 {[%emt 0:00:00]} g2 {[%emt 0:00:01]} 52. Ra1 {[%emt 0:00:01]} Kf3 {[%emt 0:00:01]} 53. b7 {[%emt 0:00:01]} Re8 {[%emt 0:00:01]} 54. a8=Q {[%emt 0:00:02]} Re4 {[%emt 0:00:02]} 55. b8=Q {[%emt 0:00:01]} Kf2 {[%emt 0:00:00]} 56. Qxe4 {[%emt 0:00:02]} g1=Q {[%emt 0:00:00]} 57. Qbf4# {[%emt 0:00:01] (Lag: Av=0.56s, max=0.9s)} 1-0

[Event "Stay Safe Play From Home 265"]
[Site "Emanuel Lasker Arena"]
[Date "2020.06.30"]
[Round "9"]
[White "Fischer_11"]
[Black "Lamborghini"]
[Result "0-1"]
[WhiteElo "2015"]
[BlackElo "2330"]
[Annotator "NA"]
[PlyCount "112"]
[EventDate "2020.06.30"]
[EventType "swiss (blitz)"]

1. e4 {[%emt 0:00:03]} g6 {[%emt 0:00:01]} 2. d4 {[%emt 0:00:01]} Bg7 {[%emt 0:00:00]} 3. Nc3 {[%emt 0:00:00]} c5 {[%emt 0:00:01]} 4. Be3 {[%emt 0:00:01]} Qa5 {[%emt 0:00:02]} 5. Qd2 {[%emt 0:00:01]} cxd4 {[%emt 0:00:01]} 6. Bxd4 {[%emt 0:00:01]} Bxd4 {[%emt 0:00:01]} 7. Qxd4 {[%emt 0:00:00]} Nf6 {[%emt 0:00:01]} 8. e5 {[%emt 0:00:01]} Nc6 {[%emt 0:00:03]} 9. Qe3 {[%emt 0:00:05]} Qxe5 {[%emt 0:00:01]} 10. Qxe5 {[%emt 0:00:03]} Nxe5 {[%emt 0:00:00]} 11. Be2 {[%emt 0:00:00]} d6 {[%emt 0:00:01]} 12. Nf3 {[%emt 0:00:00]} Nxf3+ {[%emt 0:00:01]} 13. Bxf3 {[%emt 0:00:00]} O-O {[%emt 0:00:01]} 14. O-O-O {[%emt 0:00:00]} Rb8 {[%emt 0:00:01]} 15. Rhe1 {[%emt 0:00:01]} Re8 {[%emt 0:00:01]} 16. a3 {[%emt 0:00:03]} a6 {[%emt 0:00:01]} 17. h3 {[%emt 0:00:00]} Kf8 {[%emt 0:00:01]} 18. g4 {[%emt 0:00:00]} Bd7 {[%emt 0:00:01]} 19. h4 {[%emt 0:00:00]} Bc6 {[%emt 0:00:01]} 20. Be2 {[%emt 0:00:04]} Nd7 {[%emt 0:00:02]} 21. h5 {[%emt 0:00:01]} g5 {[%emt 0:00:01]} 22. Bd3 {[%emt 0:00:02]} h6 {[%emt 0:00:01]} 23. Be4 {[%emt 0:00:00]} Nf6 {[%emt 0:00:02]} 24. Bxc6 {[%emt 0:00:02]} bxc6 {[%emt 0:00:00]} 25. Rd4 {[%emt 0:00:02]} Rb6 {[%emt 0:00:04]} 26. f4 {[%emt 0:00:01]} gxf4 {[%emt 0:00:04]} 27. Rxf4 {[%emt 0:00:00]} Reb8 {[%emt 0:00:02]} 28. b3 {[%emt 0:00:02]} Nh7 {[%emt 0:00:01]} 29. Ref1 {[%emt 0:00:02]} f6 {[%emt 0:00:01]} 30. Ne4 {[%emt 0:00:02]} d5 {[%emt 0:00:02]} 31. Nc5 {[%emt 0:00:01]} Kf7 {[%emt 0:00:00]} 32. Nd7 {[%emt 0:00:02]} R8b7 {[%emt 0:00:01]} 33. Nxb6 {[%emt 0:00:01]} Rxb6 {[%emt 0:00:00]} 34. Kb2 {[%emt 0:00:01]} Ng5 {[%emt 0:00:00]} 35. Kc3 {[%emt 0:00:02]} c5 {[%emt 0:00:01]} 36. Rf5 {[%emt 0:00:02]} Rd6 {[%emt 0:00:01]} 37. b4 {[%emt 0:00:02]} Ne4+ {[%emt 0:00:01]} 38. Kb2 {[%emt 0:00:03]} c4 {[%emt 0:00:02]} 39. c3 {[%emt 0:00:01]} e6 {[%emt 0:00:01]} 40. R5f4 {[%emt 0:00:01]} Ke7 {[%emt 0:00:01]} 41. Rxe4 {[%emt 0:00:01]} dxe4 {[%emt 0:00:01]} 42. Rf4 {[%emt 0:00:00]} f5 {[%emt 0:00:01]} 43. gxf5 {[%emt 0:00:02]} e5 {[%emt 0:00:00]} 44. Rxe4 {[%emt 0:00:01]} Rd2+ {[%emt 0:00:00]} 45. Kc1 {[%emt 0:00:01]} Kf6 {[%emt 0:00:00]} 46. Rxe5 {[%emt 0:00:00]} Kxe5 {[%emt 0:00:01]} 47. Kxd2 {[%emt 0:00:00]} Kxf5 {[%emt 0:00:01]} 48. Ke3 {[%emt 0:00:00]} Kg5 {[%emt 0:00:00]} 49. a4 {[%emt 0:00:00]} Kxh5 {[%emt 0:00:00]} 50. b5 {[%emt 0:00:00]} Kg4 {[%emt 0:00:00]} 51. bxa6 {[%emt 0:00:00]} h5 {[%emt 0:00:01]} 52. a7 {[%emt 0:00:00]} h4 {[%emt 0:00:00]} 53. a8=Q {[%emt 0:00:00]} h3 {[%emt 0:00:00]} 54. Qe8 {[%emt 0:00:00]} h2 {[%emt 0:00:01]} 55. Qg8+ {[%emt 0:00:00]} Kh3 {[%emt 0:00:01]} 56. Qh8+ {[%emt 0:00:00]} Kg2 {[%emt 0:00:00] Zeit (Lag: Av=0.24s, max=0.5s)} 0-1

[Event "Stay Safe Play From Home 265"]
[Site "Emanuel Lasker Arena"]
[Date "2020.06.30"]
[Round "9"]
[White "EL sanbary"]
[Black "Trotsky"]
[Result "1-0"]
[WhiteElo "1904"]
[BlackElo "1579"]
[Annotator "TA"]
[PlyCount "49"]
[EventDate "2020.06.30"]
[EventType "swiss (blitz)"]

{[%evp 9,48,25,41,43,82,68,60,93,277,217,243,64,270,236,180,143,363,191,452,268,444,298,582,409,554,463,479,204,1022,989,2018,601,1922,1938,1914,1670,2318,1530,1324,1242,29999]} 1. c4 c5 2. g3 e6 3. Bg2 d5 4. cxd5 exd5 5. d4 Be6 6. Nf3 {A13: English Opening: 1...e6.} c4 7. O-O Nc6 8. Nc3 {White is slightly better.} Bd6 $2 {[#]} (8... Nf6 $16 {keeps fighting.}) 9. e4 $18 {[#]} dxe4 $146 ({Predecessor:} 9... Nge7 10. exd5 Nxd5 11. Nxd5 Bxd5 12. Re1+ Ne7 13. Qa4+ Kf8 14. Bg5 h6 15. Bxe7+ Bxe7 {0-1 (65) Lauer,F (1065)-Verich,O (1027) LSS email 2014}) 10. Nxe4 $2 ({Better is} 10. Ng5 $18 {Hoping for d5.} Be7 11. d5 (11. Ngxe4 Nxd4 12. Be3 Nf5 $16) (11. Ncxe4 Bd5 $16) 11... Bxg5 12. Bxg5 (12. dxe6 Qxd1 13. Rxd1 Be7 $16) 12... Qxg5 13. dxe6 (13. dxc6 bxc6 14. Nxe4 Qd8 $16) 13... fxe6 14. Nxe4) 10... Nce7 $2 (10... Nge7 $14) 11. Nxd6+ Qxd6 12. Re1 {Strongly threatening Bf4.} O-O-O $2 (12... Nf6 $16 {was called for.}) 13. Be3 (13. Ne5 $142) 13... Bd5 $2 (13... Nf6 {was worth a try.} 14. Ne5 Qa6) 14. Qa4 (14. Bf4 $142 Qa6 15. Bh3+ f5 16. b3) 14... a6 $2 (14... Qa6 15. Qxa6 bxa6) 15. Rac1 Nf6 $2 (15... Ng6 16. Ne5 Nxe5) 16. b3 {[%cal Bb2b3,Bb3c4][%mdl 32]} Ng4 17. bxc4 Bc6 18. Bf4 (18. Qb3 $142 Nxe3 19. Rxe3) 18... Qd7 $2 (18... Qxf4 19. gxf4 Bxa4) 19. Qb4 h5 20. Qb6 (20. Rxe7 $142 g5 21. Rxd7 gxf4 22. Rxd8+ Rxd8 23. gxf4) 20... g5 21. Nxg5 f6 22. Nf7 {[%mdl 64] [#] Double Attack} h4 23. Nxh8 Rxh8 24. Qa7 {[%csl Gf4][%cal Ra7b8]} hxg3 25. Qb8# {Accuracy: White = 34%, Black =  7%.} 1-0